000 00400nam a2200181Ia 4500
001 16965
005 20260306170350.0
008 260306t2004||||xx |||||||||||||| ||und||
041 _aESP
082 _a657.32
_bC29
100 _aCarvalho B., Javier A.
_eAUT
245 0 _aEstados financieros
260 _c2004
300 _a
_c
650 _aGEN
654 _aCCO
942 _cLIB
_dJUS
_fJUS
_2ddc
_n
999 _c16965
_d16965